Research Methodology (Record no. 1215810)

MARC details
000 -LEADER
fixed length control field 00322nam a2200133Ia 4500
008 - FIXED-LENGTH DATA ELEMENTS--GENERAL INFORMATION
fixed length control field 260213s2026 xx 000 0 und d
041 ## - LANGUAGE CODE
Language code of text/sound track or separate title eng
082 ## - DEWEY DECIMAL CLASSIFICATION NUMBER
Classification number 001.42/KOT
100 ## - MAIN ENTRY--PERSONAL NAME
Personal name CR Kothari
245 ## - TITLE STATEMENT
Title Research Methodology
250 ## - EDITION STATEMENT
Edition statement 5th Ed
260 ## - PUBLICATION, DISTRIBUTION, ETC.
Place of publication, distribution, etc. New Delhi
Name of publisher, distributor, etc. New Age Inter Pub
Date of publication, distribution, etc. 2026
300 ## - PHYSICAL DESCRIPTION
Extent 464p
Other physical details PB
Holdings
Withdrawn status Lost status Damaged status Not for loan Home library Current library Date acquired Source of acquisition Cost, normal purchase price Total Checkouts Full call number Barcode Date last seen Price effective from Koha item type
        Institute of Management & Information Technology, Navi Mumbai Institute of Management & Information Technology, Navi Mumbai 13/02/2026 BMSGB LTD. Pune 499.00   001.42/KOT MIM-MCA13291 13/02/2026 13/02/2026 Book